=LDR 00000nam 2200000 4500 =001 NUTBA000000000005827 =005 20151208124233.0 =006 =007 =008 =020 ##$$a 978.602.8489.93-5 =035 ##$$0010-111400000000306 =040 ##$$a NBPDMAT =082 ##$$a 028.5 =090 ##$$a 028.5 Wen a =100 ##$$a Weni Rahayu =245 ##$$a Aku suka sayuran kacang-kacangan$cWeni Rahayu; editor Laila Febrina =250 ##$$a Cet. 2 =260 ##$$a Jakarta$bMediantara Semesta$c2013 =300 ##$$a iv, 11 hlm$bilus$c17 cm =500 ##$$a Bibliografi hlm : 11 =650 ##$$a Bacaan Kanak-kanak =700 ##$$a Laila Febrina =850 ##$$a NBPDMAT =990 ##$$a 21415601 =990 ##$$a 21415597 =990 ##$$a 21415598 =990 ##$$a 21415599 =990 ##$$a 21415600